Jamal ul Imsaal (Record no. 30368)

000 -LEADER
fixed length control field 00626 a2200157 4500
020 ## - INTERNATIONAL STANDARD BOOK NUMBER
International Standard Book Number 978-969-8535-17-9
082 ## - DEWEY DECIMAL CLASSIFICATION NUMBER
Classification number 891.4393
090 ## - LOCALLY ASSIGNED LC-TYPE CALL NUMBER (OCLC); LOCAL CALL NUMBER (RLIN)
-- 1761
-- 1761
100 ## - MAIN ENTRY--PERSONAL NAME
Personal name Prof. Khaleeq Ahmad Siddiqui
245 ## - TITLE STATEMENT
Title Jamal ul Imsaal
Statement of responsibility, etc. Prof. Khaleeq Ahmad Siddiqui
260 ## - PUBLICATION, DISTRIBUTION, ETC.
Place of publication, distribution, etc. Islamabad
Name of publisher, distributor, etc. NUST Publishing
Date of publication, distribution, etc. 2014
300 ## - PHYSICAL DESCRIPTION
Extent 444p
942 ## - ADDED ENTRY ELEMENTS (KOHA)
Institution code [OBSOLETE] SNS
Koha item type Book
Call number prefix 891.4393 KHA
Holdings
Withdrawn status Lost status Damaged status Not for loan Permanent Location Current Location Date acquired Total Checkouts Full call number Barcode Date last seen Price effective from Koha item type
        School of Natural Sciences (SNS) School of Natural Sciences (SNS) 05/26/2016   891.4393 KHA SNS0002166 05/26/2016 05/26/2016 Book
        School of Natural Sciences (SNS) School of Natural Sciences (SNS) 05/26/2016   891.4393 KHA SNS0002167 05/26/2016 05/26/2016 Book
© 2023 Central Library, National University of Sciences and Technology. All Rights Reserved.